| 000 | 00362nam a2200145Ia 4500 | ||
|---|---|---|---|
| 008 | 230917s9999||||xx |||||||||||||| ||und|| | ||
| 040 |
_e124851 _aMAIN |
||
| 041 | _aEnglish | ||
| 082 | _a361.52 J78D | ||
| 100 | _aJoshi, B L | ||
| 245 | 0 | _aDisplacement and rehabilitation | |
| 260 |
_aAurangabad _bParimal Prakashan _c1982 |
||
| 300 | _a248p. p. | ||
| 942 | _cBK | ||
| 999 |
_c229593 _d229593 |
||